Vektoren und matrizen

Αποθηκεύτηκε σε:
Λεπτομέρειες βιβλιογραφικής εγγραφής
Κύριος συγγραφέας: Valentiner, Siegfried, 1876-
Άλλοι συγγραφείς: König, H. (Hermann), 1892-1978 (Επιμελητής έκδοσης)
Μορφή: Βιβλίο
Γλώσσα:German
Δημοσίευση: Berlin : W. de Gruyter & Co., 1958
Σειρά:Sammlung Goschen ; 354/354a
Θέματα:
Ετικέτες: Προσθήκη ετικέτας
Δεν υπάρχουν, Καταχωρήστε ετικέτα πρώτοι!

MARC

LEADER 00000cam a2200000 a 4500
001 1/106605
008 150528s1958####gw | ||| |||| ||ger||
040 |a GR-MyUa  |b gre  |c GR-MyUa  |e AACR2 
041 0 |a ger 
082 7 |a 515.63   |2 (23) 
100 1 |a Valentiner, Siegfried,   |d 1876- 
245 1 0 |a Vektoren und matrizen /   |c von Siegfried Valentiner ; mit einem Anhang : Aufgaben zur vektorrechnung von Hermann Konig.  
260 |a Berlin :   |b W. de Gruyter & Co.,   |c 1958  
300 |a 202 σ. ;   |c 15 εκ.  
490 1 |a (Sammlung Goschen)   |v ; 354/354a 
650 0 |a Vector analysis 
650 0 |a Matrices 
700 1 |a König, H.   |q (Hermann),   |d 1892-1978,  |e edt 
830 0 |a Sammlung Goschen  |v  ; 354/354a 
852 |a INST  |b SAMOS  |c MAG  |e 20150528  |h 515.63 VAL  |p 005300034612  |q 005300034612  |t BK  |y 0 
970 |a Σιτζίμη   |b Γιασεμή   |z 2010-/05/28